000 00754nam a22001697a 4500
999 _c60509
_d60509
005 20230814162059.0
008 230809s2002 enk||||| |||| 00| 0 eng d
020 _a1841714429
080 _a94(38) G-78
245 _aGreek Settlements in the Eastern Mediterranean and the Black Sea /
_cEditorial G. R. Tsetskhladze and A. M. Snodgrass.
264 _aOxford,
_c2002.
300 _a129 p.:
_bill.;
_c30 cm.
653 _aბერძნული დასახლებები აღმოსავლეთ ხმელთაშუა და შავ ზღვაში
700 _aTsetskhladze, G. R.
_eრედაქტორი
_919645
700 _aSnodgrass, A. M.
_eრედაქტორი
_919646
942 _2udc
_cBK